Select North America Countries on Map - Statistics

General Stats
  • This quiz has been taken 55 times
  • The average score is 17 of 23
Answers on the Map
Answers color-coded by a green-red scale on the quiz's map according to % correct below.
 
Answer Stats
Answer % Correct
Mexico
97%
Panama
95%
Canada
92%
United States
92%
Bahamas
84%
Cuba
84%
El Salvador
81%
Dominican Republic
78%
Jamaica
78%
Nicaragua
78%
Belize
76%
Costa Rica
76%
Guatemala
76%
Haiti
76%
Trinidad and
Tobago
76%
Honduras
73%
Barbados
68%
Grenada
57%
St. Kitts and Nevis
57%
Antigua and Barbuda
54%
Dominica
51%
St. Vincent and the
Grenadines
51%
St. Lucia
49%
No matching quizzes found
Score Distribution
Percent of People with Each Score
Percentile by Number Answered
Your Score History
You have not taken this quiz